| 000 | 006360000a22001810004500 | ||
|---|---|---|---|
| 003 | MACL | ||
| 005 | 20160410141919.0 | ||
| 008 | 160410b xxu||||| |||| 00| 0 eng d | ||
| 040 |
_aMACL _cMACL |
||
| 041 | _aHindi | ||
| 082 | _a640 | ||
| 100 |
_aडॉ मृदुला शर्मा _951749 |
||
| 245 |
_aमानव स्वास्थ्य एवं प्राथमिक उपचार _bरोकथाम के उपाय |
||
| 260 |
_bआरोग्य निधि प्रकाशन _c2007 _aदिल्ली |
||
| 350 | _a300 | ||
| 650 |
_aFamily Living _951750 |
||
| 942 |
_cHIN _k610 _2ddc |
||
| 999 |
_c42033 _d42033 |
||